Nostromo; (Record no. 16830)

MARC details
000 -LEADER
fixed length control field 00777cam a22002291 4500
001 - CONTROL NUMBER
control field ca 31000580
003 - CONTROL NUMBER IDENTIFIER
control field DLC
005 - DATE AND TIME OF LATEST TRANSACTION
control field 20260227111125.0
008 - FIXED-LENGTH DATA ELEMENTS--GENERAL INFORMATION
fixed length control field 790523s1928 xx 000 0 pol
010 ## - LIBRARY OF CONGRESS CONTROL NUMBER
LC control number ca 31000580
035 ## - SYSTEM CONTROL NUMBER
System control number (OCoLC)4992912
040 ## - CATALOGING SOURCE
Original cataloging agency DLC
Transcribing agency OU
Modifying agency OT
-- DLC
042 ## - AUTHENTICATION CODE
Authentication code premarc
050 00 - LIBRARY OF CONGRESS CALL NUMBER
Classification number PR6005.O4
Item number N586
100 1# - MAIN ENTRY--PERSONAL NAME
Personal name Conrad, Joseph,
Dates associated with a name 1857-1924.
245 10 - TITLE STATEMENT
Title Nostromo;
Remainder of title powieść z pobrzeża morskiego, z przedmowa autora ...
Statement of responsibility, etc. przełożył Stanisław Wyrzykowski.
260 ## - PUBLICATION, DISTRIBUTION, ETC.
Place of publication, distribution, etc. Warszawa,
Name of publisher, distributor, etc. Dom ksiażki polskiej spółka akcyjna,
Date of publication, distribution, etc. 1928.
300 ## - PHYSICAL DESCRIPTION
Extent 2 v.
Other physical details port.
Dimensions 21 cm.
490 0# - SERIES STATEMENT
Series statement Pisma zbiorowe Josepha Conrada ...
505 0# - FORMATTED CONTENTS NOTE
Formatted contents note t. 1. Srebro kapalni. Izabele.--t. 2. Latarina moroka.
700 1# - ADDED ENTRY--PERSONAL NAME
Personal name Wyrzykowski, Stanisław,
Dates associated with a name 1873-
Relator term tr.

No items available.

Powered by Koha